[Event "Sao Paulo Freitas op 2nd"]
[Site "Sao Paulo"]
[Date "2016.04.15"]
[Round "2"]
[White "Paschoa, Lazaro dos Reis"]
[Black "Dos Santos, Julio Reinaldo"]
[Result "0-1"]
[WhiteElo "1558"]
[BlackElo "1852"]
[PlyCount "72"]
[EventDate "2016.04.15"]
[EventType "swiss"]
[EventRounds "6"]
[EventCountry "BRA"]
[SourceTitle "CBM 171 Extra"]
[Source "ChessBase"]
[SourceDate "2016.04.26"]
[SourceVersion "1"]
[SourceVersionDate "2016.04.26"]
[SourceQuality "1"]

1. d4 Nf6 2. Nf3 g6 3. Bf4 Bg7 4. h3 d6 5. e3 0-0 6. Bd3 c5 7. c3 Nc6 8. 0-0 Re8 9. Re1 e5 10. dxe5 dxe5 11. Nxe5 Nxe5 12. Bc2 Nc4 13. b3 Nb6 14. Nd2 Nfd5 15. Rc1 Nxc3 16. Qf3 Qxd2 17. e4 Qd8 18. e5 Nxa2 19. Rcd1 Qe7 20. Bb1 Nb4 21. Qg3 N4d5 22. Bg5 Qc7 23. f4 Ne7 24. Bf6 Nf5 25. Bxf5 Bxf5 26. Bxg7 Kxg7 27. Qg5 Qe7 28. Qg3 Rad8 29. h4 h5 30. Qc3 Rxd1 31. Rxd1 Rd8 32. Rd6 Rxd6 33. exd6+ Qf6 34. Qxc5 Nc8 35. Qe5 Qxe5 36. fxe5 f6 0-1